Central Library OPAC University of Rajshahi

Handbook of industrial electronic control circuits / (Record no. 14265)

MARC details
000 -LEADER
fixed length control field 00826cam a22002771 4500
001 - CONTROL NUMBER
control field 14265
003 - CONTROL NUMBER IDENTIFIER
rucl marc code BD-RjUL
005 - DATE AND TIME OF LATEST TRANSACTION
control field 20211208235611.0
008 - FIXED-LENGTH DATA ELEMENTS--GENERAL INFORMATION
fixed length control field 750709s1956 xx 000 0 eng
035 ## - SYSTEM CONTROL NUMBER
System control number (BD-RjUL)14317
System control number BD-RjUL
040 ## - CATALOGING SOURCE
Original cataloging agency DLC
Transcribing agency FO
Modifying agency Uk
-- BD-RjUL
Language of cataloging eng
041 ## - LANGUAGE CODE
Language code of text/sound track or separate title eng
082 ## - DEWEY DECIMAL CLASSIFICATION NUMBER
Classification number 621.343
-- 621.38
Author mark and year MAH 1956
100 1# - MAIN ENTRY--PERSONAL NAME
Personal name Markus, John,
Dates associated with a name 1911-
9 (RLIN) 42831
245 10 - TITLE STATEMENT
Title Handbook of industrial electronic control circuits /
Statement of responsibility, etc. by John Markus and Vin Zeluff.
250 ## - EDITION STATEMENT
Edition statement 1st ed.
260 ## - PUBLICATION, DISTRIBUTION, ETC. (IMPRINT)
Place of publication, distribution, etc. New York,
Name of publisher, distributor, etc. McGraw-Hill,
Date of publication, distribution, etc. 1956.
300 ## - PHYSICAL DESCRIPTION
Pagination xiv ,352 p. :
Illustrations illus. ;
Size 29 cm.
650 #0 - SUBJECT ADDED ENTRY--TOPICAL TERM
Topical term or geographic name as entry element Electronic circuits.
9 (RLIN) 38587
Topical term or geographic name as entry element Electronic control.
9 (RLIN) 42121
700 1# - ADDED ENTRY--PERSONAL NAME
Personal name Zeluff, Vin,
Dates associated with a name 1910-
Relator term joint author.
942 ## - ADDED ENTRY ELEMENTS (KOHA)
Source of classification or shelving scheme Dewey Decimal Classification
Koha item type Books
Holdings
Lost status Source of classification or shelving scheme Damaged status Not for loan Collection code Permanent Location Current Location Shelving location Date acquired Source of acquisition Cost, normal purchase price Total Checkouts Full call number Date last seen Copy number Koha item type
  Dewey Decimal Classification     Non-fiction Central Library, University of Rajshahi Central Library, University of Rajshahi   25/02/1967 Book View, Dacca 45.00   621.343 MAH 1956 05/02/2014 C-2 Books
  Dewey Decimal Classification   Not For Loan Non-fiction Central Library, University of Rajshahi Central Library, University of Rajshahi Reading Room 26/02/1958 USIS, Dhaka     621.343 MAH 1948 25/02/2014 C-1 Books